Quizzes
Events
Quiz Creation
Community
Videos
Private Events
Remove Ads
Sign In
Join for FREE
Feedback
Dark Mode
Quiz Categories
Sports
Geography
Music
Movies
Television
Just For Fun
Miscellaneous
History
Literature
Language
Science
Gaming
Entertainment
Religion
Holiday
For Kids
Quiz Lab
Recent
Popular Today
Quiz Kudos Today
Editor Picks
Curator Picks
Quizzes by...
Day
Popularity
Type
Ratings
Length
Year
Community
Subscriptions
Recent Discussions
Orange Saloon
Badges
Playlists
Quests
Create
Leaderboards
Showdown
Live 5
Trivia Bingo
Activity
Puzzle Library
Sporcle Events
Private Events
Virtual Trivia
Globe League
Become a Host
Pub Owners
SporcleCon
Opinionation
Our Games
Videos
Blog
Mobile Apps
Partnerships
Remove Ads and Go Orange
Feedback
Sports
Athletes
MLB
NBA
NHL
NFL
Soccer
Sports Teams
WWE
NCAA
Football
Premier League
Basketball
Baseball
Hockey
Golf
Tennis
Cricket
Rugby
Auto Racing
Olympics
World Cup
Sports
Athletes
MLB
NBA
NHL
NFL
Soccer
Sports Teams
WWE
NCAA
Football
Premier League
Basketball
Baseball
Hockey
Golf
Tennis
Cricket
Rugby
Auto Racing
Olympics
World Cup
Random Quiz
Search Sporcle
×
Quiz Lab
Quiz Lab
Sports
United States
Type in answers that appear in a list
Type in answers that appear in a list
Classic
Best Score? Go Orange.
United States & Intercontinental Champions Stats
Can you name the wrestlers who have held both the United States and Intercontinental Championships?
By
dudemanbearpig
5m
37 Questions
339 Plays
339 Plays
339 Plays
Comments
Comments
Give Quiz Kudos
Give Quiz Kudos
-
- Ratings
hide this ad
Replay
Link that replays current quiz
Next Quiz
Link to next quiz in quiz playlist
You Got
0%
They Got
Avg Score
45%
Avg Friend Score
Upgrade to see
Score Distribution
Jump to the score distribution portion of the page
Score
0/37
Timer
05:00
0
Plays Today
Date
Wrestler
% Correct
1-
9-
17
Chris Jericho
85.4%
11-
20-
17
Roman Reigns
83.3%
4-
8-
18
Seth Rollins
83.3%
7-
23-
12
The Miz
81.8%
4-
2-
00
Chris Benoit
81.4%
11-
12-
01
Edge
81.4%
9-
18-
05
Ric Flair
81.4%
12-
13-
15
Dean Ambrose
79.8%
3-
11-
18
Randy Orton
79.2%
9-
4-
00
Eddie Guerrero
78.8%
7-
20-
98
Bret Hart
78.5%
3-
29-
15
Daniel Bryan
78.4%
4-
16-
18
Jeff Hardy
77.1%
4-
1-
12
The Big Show
76%
7-
7-
03
Booker T
74.3%
1-
14-
19
Bobby Lashley
73.2%
4-
2-
17
Kevin Owens
72.9%
8-
3-
97
Steve Austin
71.1%
6-
1-
09
Kofi Kingston
70.5%
Date
Wrestler
% Correct
10-
22-
01
Kurt Angle
68.4%
4-
3-
16
Zack Ryder
64.6%
2-
21-
99
Scott Hall
62.5%
6-
20-
05
Carlito
61.4%
7-
20-
08
Shelton Benjamin
61.4%
3-
29-
87
Ricky Steamboat
60.2%
3-
9-
09
JBL
59.9%
1-
19-
92
Roddy Piper
58.7%
1-
21-
96
Goldust
58.1%
7-
14-
19
Shinsuke Nakamura
57.7%
3-
5-
12
Santino Marella
56.3%
9-
24-
84
Greg Valentine
55.2%
9-
15-
97
Curt Hennig
53.1%
6-
9-
97
Jeff Jarrett
52.2%
11-
19-
91
Rick Rude
50.7%
7-
23-
01
Lance Storm
45.7%
6-
19-
11
Dolph Ziggler
43.1%
1-
14-
01
Shane Douglas
30.1%
Quiz Playlist
Details
Report
Send in Message
Add To Playlist
Classic:
Type in answers that appear in a list
Last Updated: Apr 21, 2017
Quiz Scoreboard
CHALLENGE
Sign Up to Join the Scoreboard
Show All
Scores
Hide
Comments
May contain spoilers
Recently Published
1-10 Letter E Words III
by El_Dandy
Language
2m
One Thing in Common: World Cities II
by knightlancer
Geography
7m
Popular People in 1961
by mucciniale
History
6m
More to Explore
Quiz From the Vault
Featured Blog Post
Where Did the Easter Bunny Come From?
hide this ad
You Might Also Like...
Tags
State Quiz
United States Quiz
champion
Championship
date
Intercontinental
Intercontinental Championships
United
Wrestlers
Today's Top Quizzes in Sports
Browse Sports
hide this ad
Today's Top Quizzes in United States
Browse United States
Top Contributed Quizzes in Sports
1
2022 World Cup Stars
2
Les entraîneurs de l'OM et du PSG au 21e siècle
3
FIFA Club World Cup Champions
4
Criteria MLB: Left Handed Sluggers
5
Les meilleurs buteurs des matchs entre le PSG et l’OM
6
Name the Premier League winners with different clubs
7
Players with Multiple 50 Home Run Seasons
8
MLB Players with Two .350 Batting Average Seasons
9
La finale Lions - Afrique du Sud 2021
10
MLB Hall of Famer by Rings
Explore More
Trending Topics
Crossword
Harry Potter
Kpop
Marvel
Disney
Anime
NBA
WWE
Soccer
Country
NFL
Pokémon
The Office
Song
Puzzle
hide this ad
More By:
dudemanbearpig
Quiz
Plays
Rating
Category
Featured
Created
WWE Royal Rumble Final Four
308,996
4.45
Sports
Dec 1, 2009
Top 50 Females in Harry Potter
137,448
4.67
Literature
May 10, 2012
Top 25 Non-Humans in Harry Potter
68,933
4.83
Literature
Apr 30, 2012
WrestleMania: 5+ in a Row
63,492
4.54
Sports
Apr 3, 2012
Black WWE PPV Competitors
14,898
4.34
Sports
Nov 6, 2011
Go to Creator's Profile
Score Distribution
Quiz Creator Spotlight
dudemanbearpig
Follow
Send a Message
Quizzes Created
-
Created Quiz Play Count
-
More By This Creator
Popular Quizzes Today
1
Find the US States - No Outlines Minefield
2
The Countries of the World
3
Popular People in 1961
4
Find the Countries of Europe - No Outlines Minefield
5
1-10 Letter E Words III
6
Find the US States
7
One Thing in Common: World Cities II
8
US States
More Sports Quizzes
Yankees Opening Day starting rotations
Quiz Lab
Trending Quizzes
1-10 Letter F Words
1-10 Letter G Words
Risky Map Clicking: Next State Alphabetically
1-10 Letter F Words II
Risky Map Clicking: States by Unique Starting Letters
Recently Updated
Leaping Animals
pecheneg
Reality TV Shows (A-Z)
bhenderson79
Rickey Henderson's Hall of Fame Teammates
pecheneg
Champions League XIs: Arsenal
pecheneg
Quick Pick: Celebrities in WWE's Hall of Fame
aduchscher
A-Z Keypad Blitz II
pecheneg
Multiple Oscar Actors
pecheneg
Mystery Phrase Blitz: Oscar 'Best Actors'
pecheneg
F. Scott Fitzgerald Novels
LTH
Pick 3 Villains
ddd62291
Trending Topics
Marvel
NBA
Crossword
Anime
Harry Potter
Disney
Kpop
WWE
Song
NFL
Puzzle
The Office
Country
Soccer
Pokémon
Your Account Isn't Verified!
In order to create a playlist on Sporcle, you need to verify the email address you used during registration. Go to your
Sporcle Settings
to finish the process.
Report this User
Report this user for behavior that violates our
Community Guidelines
.
Details:
Send Report
Go to the Sporcle.com Mobile Site →
Comments